000 00686nam a2200289Ia 4500
005 20260324144534.0
008 008 260324s9999 xx 000 0 eng d
020 _a9780203782125
037 _aEBOOK
040 _aCRL
040 _beng
040 _cCRL
041 _2eng
041 _aeng
084 _qCRL
100 _aB. McKenzie; R. H. Day
_91219696
245 0 _aPerceptual Development in Early Infancy
245 0 _bProblems & Issues
260 _bTaylor and Francis
260 _c1987
365 _a
365 _b51.95
856 _uhttp://www.taylorfrancis.com/books/9780203782125
942 _cEBOOK
999 _c1826433
_d1826433